000 00717nam a22002057a 4500
003 OSt
005 20231101173457.0
008 221006b |||||||| |||| 00| 0 eng d
040 _cBiblioteca Lado V
082 _a750
_bD683r
110 _91200
_aInstituto Nacional de Bellas Artes
245 _aRoberto Donis/
_bCorte Transversal de un Pensamiento/
260 _c1988
_aMexico
_bMuseo de Arte Moderno
300 _c19.5 x 23 cm
_a28p.
650 _2Tesauro de Arte & Arquitectura
_aARTE
650 _2Tesauro de Arte & Arquitectura
_aPINTURA
_9703
650 _2Tesauro de Arte & Arquitectura
_aÓLEO
650 _2Tesauro de Arte & Arquitectura
_aTELA
_9703
942 _2ddc
_c1
_h750
_iD683r
_n0
999 _c4546
_d4546